[Event "PRO League Group Stage"]
[Site "chess.com INT"]
[Date "2019.02.21"]
[Round "7"]
[White "Paichadze, Luka"]
[Black "Dobrov, Vladimir"]
[Result "0-1"]
[WhiteTitle "GM"]
[BlackTitle "GM"]
[WhiteElo "2583"]
[BlackElo "2478"]
[WhiteTeam "Tbilisi Gentlemen"]
[BlackTeam "Moscow Wizards"]
[WhiteFideId "13602934"]
[BlackFideId "4136594"]
[EventDate "2019.01.08"]

1. e4 c5 2. Nf3 d6 3. d4 cxd4 4. Qxd4 Nc6 5. Bb5 Bd7 6. Bxc6 Bxc6 7. Nc3 h6 8.
O-O Nf6 9. Rd1 e5 10. Qd3 Be7 11. b4 a6 12. a4 O-O 13. Be3 b5 14. axb5 axb5 15.
Nd2 d5 16. exd5 Nxd5 17. Nxd5 Qxd5 18. Qxd5 Bxd5 19. Ra5 Bc6 20. c3 Rfd8 21.
Rda1 Rac8 22. Nf3 f6 23. Ra7 Bf8 24. Nh4 Be4 25. f3 Bc2 26. Bb6 Re8 27. f4 Rxc3
28. fxe5 fxe5 29. Ba5 e4 30. Ng6 Bd6 31. Rd7 Re6 32. Nh4 e3 33. Bb6 e2 34. Bd4
Be5 35. Bxe5 Rxe5 36. Re1 Bd3 37. Nf3 Re4 38. Rd4 Rxd4 39. Nxd4 Rc4 40. Nxe2
Rxb4 41. Nc3 Rb3 42. Nd5 Bc4 43. Ne7+ Kf7 44. Nc6 Rb2 45. Ne5+ Kf6 46. Nd7+ Kg6
47. Ne5+ Kf5 48. Nc6 Kf6 49. Nd4 Rd2 50. Nf3 Rb2 51. Re8 Bd5 52. Rf8+ Ke7 53.
Rb8 Bxf3 54. gxf3 b4 55. Rb6 b3 56. h4 Kd7 57. h5 Kc7 58. Rb4 Kc6 59. Kf1 Kc5
60. Rb8 Kc4 61. Rc8+ Kd3 62. Rd8+ Ke3 63. Rb8 Kxf3 64. Ke1 Kg4 65. Rb5 Rb1+ 66.
Kf2 Kh3 67. Rb7 Kh4 68. Kg2 Kxh5 69. Rxg7 Rc1 70. Rb7 Rc3 71. Rb5+ Kg4 72. Rb4+
Kf5 73. Kf2 h5 74. Rb5+ Ke4 75. Ke2 Rh3 76. Rb4+ Kd5 77. Kd2 Kc5 78. Rf4 h4 79.
Kc1 Rh2 80. Kb1 Kd5 81. Rb4 b2 82. Rg4 Ke5 83. Rc4 Kf5 84. Rb4 Kg5 85. Rc4 Rg2
86. Rc3 Kg4 87. Rc4+ Kh3 88. Rd4 Kg3 89. Rd3+ Kh2 90. Rd4 h3 91. Rh4 Rf2 92. Rg4
Kh1 93. Rg3 h2 94. Rg8 Rg2 95. Rd8 Kg1 96. Rd1+ Kf2 97. Kxb2 Rg1 98. Rd2+ Kg3
99. Rd3+ Kf4 0-1

[Event "PRO League Group Stage"]
[Site "chess.com INT"]
[Date "2019.02.21"]
[Round "7"]
[White "Usmanov, Vasily"]
[Black "Quparadze, Giga"]
[Result "0-1"]
[WhiteTitle "IM"]
[BlackTitle "GM"]
[WhiteElo "2450"]
[BlackElo "2493"]
[WhiteTeam "Moscow Wizards"]
[BlackTeam "Tbilisi Gentlemen"]
[WhiteFideId "4135741"]
[BlackFideId "13602250"]
[EventDate "2019.01.08"]

1. d4 Nf6 2. Nf3 e6 3. c4 Bb4+ 4. Bd2 a5 5. e3 b6 6. Bd3 Bb7 7. Nc3 O-O 8. O-O
Bxc3 9. Bxc3 Ne4 10. Bxe4 Bxe4 11. Nd2 Bb7 12. e4 d6 13. d5 e5 14. f4 Nd7 15.
Qg4 Qe7 16. Rf3 Nf6 17. Qh4 Nxd5 18. Qxe7 Nxe7 19. fxe5 dxe5 20. Bxe5 Rac8 21.
Raf1 Ng6 22. Bc3 Rce8 23. Rd3 Re7 24. c5 Ba6 25. Rg3 Bxf1 26. Kxf1 f5 27. e5 f4
28. Rg5 Re6 29. cxb6 cxb6 30. Nf3 h6 31. Rh5 Rc8 32. Ke2 b5 33. Kd3 b4 34. Bd4
Ne7 35. b3 Rg6 36. Nh4 Rgc6 37. e6 Rxe6 38. Rxa5 Rd8 39. Ra7 Re3+ 40. Kc4 Rxd4+
41. Kxd4 Nc6+ 42. Kc4 Nxa7 43. Kxb4 Re2 44. a4 Kh7 45. Kc5 g5 46. Nf5 Rxg2 47.
b4 f3 48. b5 Rc2+ 49. Kb4 f2 50. Ng3 Rb2+ 51. Kc5 h5 52. b6 Nc8 53. a5 h4 54.
Nf1 Rb1 55. Ne3 Nxb6 56. axb6 f1=Q 57. Nxf1 Rxf1 58. b7 Rb1 59. b8=Q Rxb8 0-1

[Event "PRO League Group Stage"]
[Site "chess.com INT"]
[Date "2019.02.21"]
[Round "7"]
[White "Volkov, Nika"]
[Black "Seliverstov, Vladimir"]
[Result "1-0"]
[BlackTitle "IM"]
[WhiteElo "2153"]
[BlackElo "2462"]
[WhiteTeam "Tbilisi Gentlemen"]
[BlackTeam "Moscow Wizards"]
[WhiteFideId "13604376"]
[BlackFideId "4192036"]
[EventDate "2019.01.08"]

1. d4 Nf6 2. c4 g6 3. Nc3 Bg7 4. e4 d6 5. Nf3 O-O 6. Be2 Bg4 7. O-O Nfd7 8. Be3
Nc6 9. d5 Bxf3 10. Bxf3 Na5 11. Qa4 Bxc3 12. bxc3 b6 13. Be2 e5 14. f4 exf4 15.
Rxf4 Qe7 16. Bd4 Ne5 17. Raf1 Qd7 18. Qd1 Rae8 19. Qe1 Qe7 20. Qg3 Nb7 21. Rh4
Nc5 22. Qh3 f6 23. Rhf4 Rf7 24. Qg3 Ref8 25. h4 Kh8 26. Bg4 Ned3 27. Bxc5 Nxc5
28. Qh3 Qe5 29. h5 Kg7 30. Be6 Nxe6 31. dxe6 Re7 32. hxg6 h6 33. Rh4 Qxe6 34.
Rf5 Rh8 35. Rhf4 Rf8 36. Qe3 Qxc4 37. Rh4 Rh8 38. Rfh5 Ree8 39. Kh2 Kxg6 40.
Rxh6+ Rxh6 41. Qxh6+ Kf7 42. Qh7+ Ke6 43. Qf5+ Ke7 44. Rh7+ 1-0

[Event "PRO League Group Stage"]
[Site "chess.com INT"]
[Date "2019.02.21"]
[Round "7"]
[White "Xiong, Jeffery"]
[Black "Postny, Evgeny"]
[Result "1-0"]
[WhiteTitle "GM"]
[BlackTitle "GM"]
[WhiteElo "2672"]
[BlackElo "2623"]
[WhiteTeam "Dallas Destiny"]
[BlackTeam "Pittsburgh Pawngrabbers"]
[WhiteFideId "2047640"]
[BlackFideId "2804344"]
[EventDate "2019.01.08"]

1. e4 e5 2. Nf3 Nc6 3. d4 exd4 4. Nxd4 Bb4+ 5. c3 Bc5 6. Be3 Bb6 7. Nf5 g6 8.
Bxb6 axb6 9. Ne3 d6 10. c4 Nge7 11. Nc3 O-O 12. h4 f5 13. h5 g5 14. h6 f4 15.
Nc2 Ne5 16. Qd2 Rf6 17. O-O-O Qf8 18. Rh5 Rg6 19. Be2 Be6 20. b3 Qf6 21. Nd4 Bf7
22. Rdh1 c6 23. g3 f3 24. Bd1 b5 25. cxb5 c5 26. Nf5 c4 27. Bc2 Rc8 28. Kb2 d5
29. Nxe7+ Qxe7 30. Nxd5 Bxd5 31. Qxd5+ Kh8 32. Rd1 c3+ 33. Kb1 Rgg8 34. Qd6 Qxd6
35. Rxd6 Ng4 36. e5 Rcd8 37. Rxg5 Nxf2 38. Rg7 Rgf8 39. Rxh7+ Kg8 40. Rg7+ Kh8
41. Rxd8 Rxd8 42. Rf7 Nd3 43. Rxf3 1-0

[Event "PRO League Group Stage"]
[Site "chess.com INT"]
[Date "2019.02.21"]
[Round "7"]
[White "Shabalov, Alexander"]
[Black "Holt, Conrad"]
[Result "0-1"]
[WhiteTitle "GM"]
[BlackTitle "GM"]
[WhiteElo "2529"]
[BlackElo "2548"]
[WhiteTeam "Pittsburgh Pawngrabbers"]
[BlackTeam "Dallas Destiny"]
[WhiteFideId "2008572"]
[BlackFideId "2034387"]
[EventDate "2019.01.08"]

1. e4 e6 2. d4 d5 3. e5 c5 4. c3 Nc6 5. Nf3 Qb6 6. Na3 cxd4 7. cxd4 Bd7 8. Nc2
Rc8 9. Bd3 Nb4 10. Nxb4 Bxb4+ 11. Ke2 Bf8 12. a4 a5 13. Re1 Ne7 14. Kf1 Nc6 15.
Kg1 Nxd4 16. Be3 Nxf3+ 17. Qxf3 Qb3 18. Bd4 Qb4 19. Bc3 Qb6 20. Qg4 g6 21. h4
Bc5 22. Re2 h5 23. Qf4 d4 24. Qf6 Rg8 25. Be1 Qb3 26. Qf3 Bc6 27. Qg3 Bb6 28.
Kh2 Bd8 29. f4 Kf8 30. Bd2 Bd5 31. Rf1 Rh8 32. Be1 Qxa4 33. Bxg6 fxg6 34. Qxg6
Qe8 35. Qd3 Bc4 36. Qd2 Bxe2 37. Qxe2 Rh7 38. f5 exf5 39. Rxf5+ Kg8 40. e6 Rc6
41. Re5 Bc7 42. Bg3 Bxe5 43. Qxe5 Rxe6 44. Qxd4 Rg7 45. Qd5 Qg6 46. Qd8+ Kh7 0-1

[Event "PRO League Group Stage"]
[Site "chess.com INT"]
[Date "2019.02.21"]
[Round "7"]
[White "Gorovets, Andrey"]
[Black "Le, Tuan Minh"]
[Result "0-1"]
[WhiteTitle "GM"]
[BlackTitle "IM"]
[WhiteElo "2509"]
[BlackElo "2515"]
[WhiteTeam "Dallas Destiny"]
[BlackTeam "Pittsburgh Pawngrabbers"]
[WhiteFideId "13504037"]
[BlackFideId "12401153"]
[EventDate "2019.01.08"]

1. d4 d5 2. Bf4 Nf6 3. e3 e6 4. Nd2 Bd6 5. Bg3 c5 6. c3 O-O 7. Bd3 Qc7 8. Ngf3
Nbd7 9. O-O Bxg3 10. hxg3 e5 11. e4 cxd4 12. cxd4 dxe4 13. Nxe4 Nxe4 14. Bxe4
Nf6 15. Re1 exd4 16. Qxd4 Rd8 17. Qb4 a5 18. Qa3 Qb6 19. Rac1 Be6 20. Bb1 h6 21.
b3 Rd5 22. Rcd1 Rxd1 23. Rxd1 Rc8 24. Nd4 Bg4 25. f3 Bd7 26. Qb2 a4 27. Qf2 Qb4
28. bxa4 Qxa4 29. Qd2 Re8 30. Bc2 Qa7 31. Bb3 Be6 32. Qf2 Bxb3 33. Nxb3 Qa6 34.
g4 Re2 35. Qd4 Qxa2 36. Qd8+ Re8 37. Qd3 Qb2 38. Rb1 Qa3 39. Qc2 Rd8 40. Nc5 b6
41. Ne4 Nxe4 42. Qxe4 Qc5+ 43. Kh2 g6 44. Kh3 h5 45. Rb4 hxg4+ 46. Qxg4 Rd5 47.
Rc4 Rh5+ 48. Kg3 Qe3 49. Qd4 Qe1+ 50. Kf4 Rh4+ 51. g4 g5+ 52. Kxg5 Qe7+ 53. Kf4
f6 54. Rc8+ Kg7 55. Rd8 Qe5+ 56. Qxe5 fxe5+ 57. Kxe5 Rh1 58. Rb8 Rb1 59. g5 Kg6
60. f4 Re1+ 61. Kd4 Kf5 62. Rf8+ Kg6 63. Rf6+ Kg7 64. Rxb6 Kf7 65. Rf6+ Kg7 66.
Kd3 Re8 67. Rd6 Re1 68. Kd2 Re4 69. Rf6 Re8 70. Kd3 Re1 71. Rd6 Rd1+ 0-1

[Event "PRO League Group Stage"]
[Site "chess.com INT"]
[Date "2019.02.21"]
[Round "7"]
[White "Canty, James"]
[Black "Toolin, Christopher"]
[Result "1/2-1/2"]
[WhiteElo "2222"]
[BlackElo "2170"]
[WhiteTeam "Pittsburgh Pawngrabbers"]
[BlackTeam "Dallas Destiny"]
[WhiteFideId "2055945"]
[BlackFideId "2024543"]
[EventDate "2019.01.08"]

1. e4 c5 2. c3 Nf6 3. e5 Nd5 4. Nf3 e6 5. d4 cxd4 6. cxd4 d6 7. Nc3 Nxc3 8. bxc3
Qc7 9. Bd2 Nd7 10. exd6 Bxd6 11. Bd3 b6 12. Qe2 Bb7 13. h3 O-O 14. O-O Bf4 15.
Be3 Nf6 16. Rac1 Rfd8 17. Rfd1 Nd5 18. c4 Nf6 19. Bb1 Rac8 20. Qd2 Bd6 21. Qe2
Ba3 22. Rc3 Bb4 23. Rcc1 Ba3 24. Rc3 Bb4 25. Rcc1 1/2-1/2

[Event "PRO League Group Stage"]
[Site "chess.com INT"]
[Date "2019.02.21"]
[Round "7"]
[White "Lenic, Luka"]
[Black "Tomczak, Jacek"]
[Result "1/2-1/2"]
[WhiteTitle "GM"]
[BlackTitle "GM"]
[WhiteElo "2645"]
[BlackElo "2631"]
[WhiteTeam "Ljubljana Turtles"]
[BlackTeam "Berlin Bears"]
[WhiteFideId "14603853"]
[BlackFideId "1124668"]
[EventDate "2019.01.08"]

1. Nf3 c5 2. c4 Nf6 3. d4 cxd4 4. Nxd4 e5 5. Nb5 d5 6. cxd5 Bc5 7. N5c3 O-O 8.
g3 Qb6 9. e3 Bg4 10. Be2 Bh3 11. g4 h5 12. gxh5 Nbd7 13. a3 Rac8 14. Rg1 e4 15.
Nd2 Rfe8 16. Nc4 Qd8 17. b4 Bf8 18. Bb2 Nxh5 19. Qd4 Qh4 20. Bxh5 Qxh5 21. Nxe4
Qh6 22. Ned6 Ne5 23. Nxe5 Bxd6 24. Ng4 Bxg4 25. Qxg4 g6 26. Kd2 Rcd8 27. Ke2 Be5
28. Bxe5 Rxe5 29. Rad1 Rexd5 30. Rxd5 Rxd5 31. Qc8+ Kh7 32. Rg3 Qh5+ 33. Qg4 Qe5
34. Rh3+ Kg7 35. Qc4 Qb2+ 36. Kf1 Qa1+ 37. Kg2 Rg5+ 38. Rg3 Rxg3+ 39. hxg3 Qxa3
40. Qd4+ Kg8 41. Qd8+ Kg7 42. Qd4+ Kg8 43. Qd8+ Kg7 44. Qd4+ Kg8 1/2-1/2

[Event "PRO League Group Stage"]
[Site "chess.com INT"]
[Date "2019.02.21"]
[Round "7"]
[White "Braun, Arik"]
[Black "Borisek, Jure"]
[Result "1/2-1/2"]
[WhiteTitle "GM"]
[BlackTitle "GM"]
[WhiteElo "2598"]
[BlackElo "2584"]
[WhiteTeam "Berlin Bears"]
[BlackTeam "Ljubljana Turtles"]
[WhiteFideId "4663527"]
[BlackFideId "14603152"]
[EventDate "2019.01.08"]

1. d4 d5 2. c4 dxc4 3. e3 Nf6 4. Bxc4 e6 5. Nf3 c5 6. O-O a6 7. Bb3 Nc6 8. Nc3
Be7 9. dxc5 Qxd1 10. Rxd1 Bxc5 11. Nd2 O-O 12. Nde4 Nxe4 13. Nxe4 Be7 14. Bd2
Rd8 15. Be1 Bd7 16. Rac1 Be8 17. Nc5 Bxc5 18. Rxc5 Rxd1 19. Bxd1 Na7 20. f3 Rc8
21. Rxc8 Nxc8 22. Kf2 f6 23. Bb4 Na7 24. e4 Nc6 25. Bc5 e5 26. Ke3 Bf7 27. b3
Be6 28. Kd2 Kf7 29. Kc3 Ke8 30. a4 Kd7 31. b4 Ke8 32. b5 axb5 33. axb5 Nb8 34.
Kb4 Nd7 35. Be3 Kf7 36. g3 g5 37. f4 exf4 38. gxf4 gxf4 39. Bxf4 Ke7 40. Be2 Bf7
41. Kc3 Be6 42. Kd4 Bf7 43. h4 Nf8 44. Be3 Ne6+ 45. Kc3 Nf8 46. Bc5+ Ke8 47. Bd6
Nd7 48. Kd4 Be6 49. h5 Kf7 50. Bf3 b6 51. Be2 Kg7 52. Bf4 h6 53. Bg3 Kf7 54. Bf4
Kg7 55. Bf3 Kh7 56. Bd1 Kg7 57. Be2 Kh7 58. Bc4 Bg4 59. Bf7 Kg7 60. Be8 Be6 61.
Bg6 Ne5 62. Be8 Nd7 63. Bc7 Kf8 64. Bg6 Kg7 65. Bf5 Kf7 66. Bf4 Ne5 67. Bxh6 Bc4
68. Bf4 Bxb5 69. Bxe5 fxe5+ 70. Kxe5 Bc6 71. Be6+ Kg7 72. Bd5 Be8 73. h6+ Kxh6
74. Kf6 b5 75. e5 b4 76. e6 Ba4 77. e7 Bb5 78. Kf7 Kg5 79. Kf8 Kf6 80. Bf7 Bc6
81. e8=Q Bxe8 82. Kxe8 b3 83. Bxb3 1/2-1/2

[Event "PRO League Group Stage"]
[Site "chess.com INT"]
[Date "2019.02.21"]
[Round "7"]
[White "Skoberne, Jure"]
[Black "Bezold, Michael"]
[Result "0-1"]
[WhiteTitle "GM"]
[BlackTitle "GM"]
[WhiteElo "2582"]
[BlackElo "2487"]
[WhiteTeam "Ljubljana Turtles"]
[BlackTeam "Berlin Bears"]
[WhiteFideId "14604299"]
[BlackFideId "4601718"]
[EventDate "2019.01.08"]

1. Nf3 c5 2. g3 Nf6 3. Bg2 e6 4. O-O Be7 5. d3 O-O 6. e4 Nc6 7. Re1 d6 8. d4
cxd4 9. Nxd4 Bd7 10. Nc3 a6 11. h3 Rc8 12. Nxc6 Bxc6 13. Bf4 b5 14. a3 Qc7 15.
Qd2 Nd7 16. Bg5 Ne5 17. Bxe7 Qxe7 18. Qd4 Qc7 19. a4 bxa4 20. f4 Ng6 21. Re2 e5
22. Qf2 exf4 23. gxf4 Qb7 24. Nxa4 Bxa4 25. Rxa4 Qxb2 26. Rxa6 Qc1+ 27. Bf1 Qxf4
28. Qxf4 Nxf4 29. Rf2 Ng6 30. Rxd6 Ne5 31. Rd5 Rfe8 32. Bd3 g6 33. Kg2 Kg7 34.
Kg3 Re7 35. Kf4 f6 36. Rf1 Rc6 37. Rb1 Nf7 38. h4 h6 39. Rdb5 Rce6 40. Rb7 g5+
41. Kg4 Ne5+ 42. Kf5 Ng6 43. h5 Nf4 44. Rxe7+ Rxe7 45. Rb6 Nxh5 46. Kg4 Nf4 47.
Ba6 h5+ 48. Kf3 Rc7 49. Rb7 Rxb7 50. Bxb7 Kf7 51. c4 Nd3 52. Ke3 Nc5 53. Bd5+
Ke7 0-1

[Event "PRO League Group Stage"]
[Site "chess.com INT"]
[Date "2019.02.21"]
[Round "7"]
[White "Hoolt, Sarah"]
[Black "Skuhala, Luka"]
[Result "1/2-1/2"]
[WhiteTitle "WGM"]
[WhiteElo "2358"]
[BlackElo "2119"]
[WhiteTeam "Berlin Bears"]
[BlackTeam "Ljubljana Turtles"]
[WhiteFideId "24606812"]
[BlackFideId "14605678"]
[EventDate "2019.01.08"]

1. e4 c5 2. d3 Nc6 3. g3 a6 4. Bg2 b5 5. f4 Bb7 6. Nf3 e6 7. Be3 Nf6 8. h3 Qc7
9. Nbd2 Be7 10. c3 d5 11. e5 d4 12. cxd4 cxd4 13. Bf2 Nd5 14. Rc1 Ne3 15. Bxe3
dxe3 16. Ne4 Qa5+ 17. Ke2 Rd8 18. a3 Qb6 19. b4 O-O 20. Nc5 Nd4+ 21. Kxe3 Nf5+
22. Kf2 Rc8 23. d4 Rfd8 24. Nxb7 Qxb7 25. Rxc8 Qxc8 26. Qd2 Qd7 27. Rd1 a5 28.
g4 Nh4 29. Nxh4 Bxh4+ 30. Kg1 axb4 31. axb4 Be7 32. Kh1 g6 33. d5 exd5 34. Qxd5
Qxd5 35. Rxd5 Rxd5 36. Bxd5 Bxb4 37. Bc6 Bd2 38. f5 gxf5 39. gxf5 b4 40. Bd5 Bc3
41. e6 fxe6 42. fxe6 Kf8 43. Kg2 Ke7 44. Bb3 Be5 45. Kf3 Bf6 46. Kf4 h5 47. Kf5
h4 48. Ke4 Bg5 49. Kd5 Bf6 50. Kc5 Bc3 51. Kc6 Bd4 52. Kd5 Bc3 53. Ke4 Bf6 1/2-1/2

[Event "PRO League Group Stage"]
[Site "chess.com INT"]
[Date "2019.02.21"]
[Round "7"]
[White "Tomczak, Jacek"]
[Black "Giri, Anish"]
[Result "0-1"]
[WhiteTitle "GM"]
[BlackTitle "GM"]
[WhiteElo "2631"]
[BlackElo "2783"]
[WhiteTeam "Berlin Bears"]
[BlackTeam "Montreal Chessbrahs"]
[WhiteFideId "1124668"]
[BlackFideId "24116068"]
[EventDate "2019.01.08"]

1. e4 c5 2. Nf3 Nc6 3. d4 cxd4 4. Nxd4 Nf6 5. Nc3 e5 6. Ndb5 d6 7. Na3 Be7 8.
Bg5 O-O 9. Bxf6 Bxf6 10. Bc4 a6 11. Nd5 Bg5 12. O-O b5 13. Bb3 Kh8 14. c3 Rb8
15. Nc2 a5 16. a3 Be6 17. Nce3 g6 18. Kh1 Rb7 19. Qc2 Bh6 20. a4 b4 21. Bc4 bxc3
22. bxc3 f5 23. exf5 gxf5 24. f4 Rg7 25. Rad1 Qh4 26. Qf2 Qh5 27. Bb5 Ne7 28.
Be2 Qf7 29. Nc7 exf4 30. Nc2 Bb3 31. Bf3 Bxa4 32. Rxd6 Bg5 33. Ne6 Nc8 34. Nxg5
Rxg5 35. Ra6 Bb5 36. Rxa5 Bxf1 37. Qxf1 Nd6 38. Nd4 Rgg8 39. Qc1 Ne4 40. Rxf5
Qe7 41. Rxf8 Rxf8 42. Kg1 Ng5 43. Qd2 Qe5 44. h4 Nf7 45. Nc6 Qf6 46. Qd4 Kg7 47.
Kf2 Qxd4+ 48. cxd4 Nd6 49. h5 Kf6 50. Ne5 Rc8 51. Ke2 Rc3 52. Kd2 Ra3 53. Nd7+
Kf5 54. Nc5 h6 55. Bd5 Kg4 56. Nd3 Kg5 57. Ke2 Nf5 58. Kd2 Nxd4 59. Be4 Nb3+ 60.
Kc2 Nd4+ 61. Kd2 Ra2+ 62. Kc3 Nb5+ 63. Kb4 Nd6 64. Bf3 Nf5 65. Nc5 Nh4 66. Ne6+
Kf5 67. Nd4+ Ke5 68. Nc6+ Kf6 69. Kc3 Nxg2 70. Kd4 Nh4 71. Bd5 Re2 72. Bc4 f3
73. Nb4 Nf5+ 74. Kc3 Re3+ 75. Kd2 Kg5 76. Nd5 Re5 77. Nc3 Ng3 78. Nd1 Kf4 79.
Nf2 Ne4+ 0-1

[Event "PRO League Group Stage"]
[Site "chess.com INT"]
[Date "2019.02.21"]
[Round "7"]
[White "Hansen, Eric"]
[Black "Braun, Arik"]
[Result "0-1"]
[WhiteTitle "GM"]
[BlackTitle "GM"]
[WhiteElo "2615"]
[BlackElo "2598"]
[WhiteTeam "Montreal Chessbrahs"]
[BlackTeam "Berlin Bears"]
[WhiteFideId "2606771"]
[BlackFideId "4663527"]
[EventDate "2019.01.08"]

1. e4 c6 2. Nc3 d5 3. Nf3 Bg4 4. h3 Bxf3 5. Qxf3 e6 6. d3 Nd7 7. g3 Bc5 8. Bg2
Ne7 9. O-O O-O 10. Qe2 a5 11. a3 Bd4 12. Kh1 Qc7 13. f4 Rae8 14. Bd2 f5 15. Rae1
Kh8 16. Kh2 Qb8 17. Nd1 Bb6 18. Bc3 Ng6 19. Bd2 Kg8 20. c4 dxc4 21. dxc4 Nc5 22.
Nc3 Nb3 23. Be3 Bxe3 24. Qxe3 e5 25. Ne2 a4 26. Qc3 exf4 27. Nxf4 fxe4 28. Nxg6
Rxf1 29. Rxf1 hxg6 30. c5 Qe5 31. Qc4+ Qd5 32. Qxa4 Nxc5 33. Qb4 b5 34. Qc3 Qe5
35. Qe3 Nd3 36. b4 Nb2 37. Rf4 Nc4 38. Qa7 Nd6 39. Qc5 g5 40. Rf1 Qxc5 41. bxc5
Nb7 42. Rc1 Re5 43. Kg1 Nxc5 44. Kf1 Kf7 45. Ke2 Ke7 46. Ke3 Rd5 47. Bf1 Kd6 48.
Be2 Ke5 49. Rf1 Rd7 50. Rf8 Ra7 51. Re8+ Kd6 52. Rd8+ Ke7 53. Rg8 Rxa3+ 54. Kd4
Ne6+ 55. Kxe4 Rxg3 56. Bg4 b4 57. Rb8 b3 58. Rb6 Kd6 59. Kf5 Nd4+ 60. Kg6 Nb5 0-1

[Event "PRO League Group Stage"]
[Site "chess.com INT"]
[Date "2019.02.21"]
[Round "7"]
[White "Bezold, Michael"]
[Black "Noritsyn, Nikolay"]
[Result "1-0"]
[WhiteTitle "GM"]
[BlackTitle "IM"]
[WhiteElo "2487"]
[BlackElo "2484"]
[WhiteTeam "Berlin Bears"]
[BlackTeam "Montreal Chessbrahs"]
[WhiteFideId "4601718"]
[BlackFideId "2604922"]
[EventDate "2019.01.08"]

1. c4 e6 2. g3 d5 3. Bg2 c6 4. Qc2 b5 5. b3 Nf6 6. Nf3 Be7 7. O-O O-O 8. Bb2
bxc4 9. bxc4 Ba6 10. d3 Nbd7 11. Nbd2 Rc8 12. Rab1 Bd6 13. Rfc1 Qe7 14. Qa4 Nc5
15. Qa5 Qd8 16. Qa3 Bb7 17. Bxf6 gxf6 18. d4 Qe7 19. dxc5 Bxc5 20. Qd3 Rfd8 21.
e3 Ba6 22. Qc2 Ba3 23. Rd1 Bb7 24. Nd4 Ba8 25. Qa4 Bd6 26. Rdc1 Kh8 27. cxd5
cxd5 28. N2b3 Ba3 29. Rxc8 Rxc8 30. Nb5 Bb4 31. Qxa7 Qxa7 32. Nxa7 Rc2 33. a3
Bxa3 34. Nd4 Rc1+ 35. Rxc1 Bxc1 36. Nab5 Kg7 37. Kf1 Bb7 38. Ke1 Bb2 39. Kd1 Ba6
40. Kc2 Bxb5 41. Kxb2 Ba6 42. Kc3 Kf8 43. Kb4 Ke7 44. Kc5 Bd3 45. Bf3 h6 46. Be2
Be4 47. Nc6+ Kd7 48. Bb5 Bb1 49. Na7+ Ke7 50. Nc8+ Kd8 51. Nd6 Ke7 52. Be8 Bg6
53. Bc6 Bh5 54. Nc8+ Kd8 55. Na7 Ke7 56. Bb5 Bd1 57. Kc6 Bf3 58. Kc7 e5 59. Nc8+
Kf8 60. Bc6 Kg7 61. Ne7 f5 62. Nxf5+ Kf6 63. Nh4 Bh1 64. Kd6 d4 65. Bxh1 1-0

[Event "PRO League Group Stage"]
[Site "chess.com INT"]
[Date "2019.02.21"]
[Round "7"]
[White "Tomb, Maroun"]
[Black "Hoolt, Sarah"]
[Result "1-0"]
[WhiteTitle "CM"]
[BlackTitle "WGM"]
[WhiteElo "2180"]
[BlackElo "2358"]
[WhiteTeam "Montreal Chessbrahs"]
[BlackTeam "Berlin Bears"]
[WhiteFideId "5300398"]
[BlackFideId "24606812"]
[EventDate "2019.01.08"]

1. e4 g6 2. Nc3 Bg7 3. Nge2 d6 4. g3 Nd7 5. Bg2 c6 6. O-O Ngf6 7. d4 e5 8. h3
O-O 9. f4 exf4 10. Bxf4 Qe7 11. Qd2 Nb6 12. b3 d5 13. e5 Nh5 14. Be3 Bh8 15. g4
Ng7 16. Bg5 Qc7 17. Rf2 h5 18. gxh5 Nxh5 19. Raf1 Be6 20. Nf4 Nxf4 21. Rxf4 c5
22. Bf6 cxd4 23. Rh4 Bg7 24. Qh6 1-0

[Event "PRO League Group Stage"]
[Site "chess.com INT"]
[Date "2019.02.21"]
[Round "7"]
[White "Lenic, Luka"]
[Black "Xiong, Jeffery"]
[Result "1/2-1/2"]
[WhiteTitle "GM"]
[BlackTitle "GM"]
[WhiteElo "2645"]
[BlackElo "2672"]
[WhiteTeam "Ljubljana Turtles"]
[BlackTeam "Dallas Destiny"]
[WhiteFideId "14603853"]
[BlackFideId "2047640"]
[EventDate "2019.01.08"]

1. Nf3 c5 2. c4 Nf6 3. d4 cxd4 4. Nxd4 e6 5. Nc3 d5 6. cxd5 Nxd5 7. Bd2 Nf6 8.
Nb3 b6 9. e4 Bb7 10. f3 Nbd7 11. Be3 Qb8 12. Qd2 a6 13. Rd1 Be7 14. Be2 O-O 15.
O-O Rd8 16. Qe1 Bd6 17. Qh4 Be5 18. Bd4 Nf8 19. Bxe5 Qxe5 20. Qg3 Ng6 21. Qxe5
Nxe5 22. Na4 Nfd7 23. Rd2 Kf8 24. Rfd1 Ke7 25. Kf2 g5 26. Ke3 Rac8 27. g3 Bc6
28. Nc3 Bb7 29. Na4 Bc6 30. Nc3 Bb7 31. Na4 Bc6 1/2-1/2

[Event "PRO League Group Stage"]
[Site "chess.com INT"]
[Date "2019.02.21"]
[Round "7"]
[White "Holt, Conrad"]
[Black "Borisek, Jure"]
[Result "1-0"]
[WhiteTitle "GM"]
[BlackTitle "GM"]
[WhiteElo "2548"]
[BlackElo "2584"]
[WhiteTeam "Dallas Destiny"]
[BlackTeam "Ljubljana Turtles"]
[WhiteFideId "2034387"]
[BlackFideId "14603152"]
[EventDate "2019.01.08"]

1. d4 d5 2. c4 dxc4 3. e3 Nf6 4. Bxc4 e6 5. Nf3 c5 6. O-O a6 7. dxc5 Bxc5 8.
Qxd8+ Kxd8 9. Nbd2 Ke7 10. Nb3 Bd6 11. Be2 b6 12. Nfd2 Bb7 13. Nc4 Bc7 14. Bd2
Nc6 15. Rfc1 Rhd8 16. Bf3 Nd5 17. e4 Nf6 18. Be3 Nd7 19. e5 Rac8 20. Bf4 Kf8 21.
Nd6 Bxd6 22. exd6 Ba8 23. Be2 Bb7 24. Rc4 Nde5 25. Re4 Ng6 26. Be3 Nce5 27. Rd4
Nd7 28. Rb4 b5 29. a4 Bd5 30. axb5 axb5 31. Rxb5 Rc2 32. Nd4 Rcc8 33. Rba5 Nge5
34. Bg5 f6 35. Bf4 Kf7 36. Ra7 Nc6 37. Nxc6 Bxc6 38. Rc1 e5 39. Bc4+ Kg6 40. Be3
Be4 41. f3 Ba8 42. Bd3+ e4 43. Rxc8 Rxc8 44. Rxa8 1-0

[Event "PRO League Group Stage"]
[Site "chess.com INT"]
[Date "2019.02.21"]
[Round "7"]
[White "Skoberne, Jure"]
[Black "Gorovets, Andrey"]
[Result "0-1"]
[WhiteTitle "GM"]
[BlackTitle "GM"]
[WhiteElo "2582"]
[BlackElo "2509"]
[WhiteTeam "Ljubljana Turtles"]
[BlackTeam "Dallas Destiny"]
[WhiteFideId "14604299"]
[BlackFideId "13504037"]
[EventDate "2019.01.08"]

1. Nf3 e6 2. g3 b5 3. Bg2 Bb7 4. O-O Nf6 5. Na3 Bxa3 6. bxa3 c5 7. Bb2 O-O 8. d3
d6 9. e4 Nbd7 10. Nh4 Nb6 11. Rb1 d5 12. Bxf6 Qxf6 13. Rxb5 dxe4 14. Rxc5 Qe7
15. Ra5 Rfd8 16. Re1 exd3 17. Nf5 Qc7 18. Bxb7 dxc2 19. Qf3 c1=Q 20. Ne7+ Kf8
21. Rxc1 Qxc1+ 22. Kg2 Kxe7 23. Bxa8 Rxa8 0-1

[Event "PRO League Group Stage"]
[Site "chess.com INT"]
[Date "2019.02.21"]
[Round "7"]
[White "Toolin, Christopher"]
[Black "Skuhala, Luka"]
[Result "1-0"]
[WhiteElo "2170"]
[BlackElo "2119"]
[WhiteTeam "Dallas Destiny"]
[BlackTeam "Ljubljana Turtles"]
[WhiteFideId "2024543"]
[BlackFideId "14605678"]
[EventDate "2019.01.08"]

1. c4 Nf6 2. Nf3 e6 3. d4 d5 4. Nc3 Bb4 5. Bg5 O-O 6. e3 Nbd7 7. cxd5 exd5 8.
Bd3 h6 9. Bh4 c5 10. O-O cxd4 11. Nxd5 Bd6 12. Nxd4 g5 13. Nxf6+ Qxf6 14. Bg3
Bxg3 15. hxg3 Ne5 16. Bc2 Bg4 17. f3 Be6 18. f4 Nc4 19. Qd3 Qg7 20. Nxe6 fxe6
21. Qxc4 1-0